000 01960cam a22005054i 4500
003 PE-LiUPU
005 20250731180129.0
008 150625s r 000 0 d
035 _a(Sirsi) a35763
040 _aPE-LiUPU
_bspa
_cPE-LiUPU
_erda
082 0 4 _a516.6
_bW27
_221
100 1 _aWarner, Frank Melville,
_eautor.
245 1 0 _aGeometría Descriptiva Aplicada /
_cFrank Melville Warner.
250 _a5a
264 1 _aMadrid :
_bEdiciones del Castillo, S. A.,
_c1967.
300 _a242 PG . :
_bilustraciones ;
_c24 cm.
336 _atext
_2rdacontent
337 _aunmediated
_2rdamedia
338 _avolume
_2rdacarrier
500 _aEdición original en Ingles.
505 0 _aAdvertencia, en relación a la inclinación, de la línea, 25 del plano 31, en relación con el principio de la dirección, 60.- Afloramiento de un filón, 68.- Angulo, diedro, 56.- Buzamiento, definición de, 68 aprarente, 73 verdadero 73, determinación del 69 aparente 73, verdadero, 73.- Casco de un barco, perfilado de, 142- 144.- Desarrollo de la hélice,127-129.- Eje de rotación, 80..
526 _aSEG44
526 _aSEG26
526 _aP159
526 _aP155
526 _aP154
526 _aP153
526 _aP150
526 _aP100
526 _aP31
526 _aP30
526 _aP26
526 _aP25
526 _aP24
526 _aP22
526 _aP15
526 _aP10
650 0 4 _aGeometría descriptiva
_xProblemas, ejercicios, etc.
910 _bhf
_caj
_d20050211
942 _2ddc
_cBOOK
949 _a516.6 W27
_wDEWEY
_c1
_i54316
_lCCODEBUL1
_mBUL
_p10
_r0
_sY
_tBOOK
_u2015-06-25
_xBIBLIOTECA
_zUNKNOWN
_0COMPRA
_o.STAFF. Colección General
596 _a1
999 _a516.6 W27
_wDEWEY
_c43763
_i54316
_d43763
_e2018-10-9
_f2021-11-5
_g7
_lCCODEBUL1
_mBUL
_n7
_q1
_r0
_sY
_tBOOK
_u2015-6-25
_xBIBLIOTECA
_zUNKNOWN
_0COMPRA
_o.STAFF. Colección General
980 _81
_gALBERTO SANCHEZ Responsable de Automatización